A Novel method to recycle scrap tires : High-pressure high-temperature sintering (Record no. 53486)

MARC details
000 -LEADER
fixed length control field 00436nam a2200157Ia 4500
100 ## - MAIN ENTRY--AUTHOR NAME
Personal name Morin J E
245 #2 - TITLE STATEMENT
Title A Novel method to recycle scrap tires : High-pressure high-temperature sintering
260 ## - PUBLICATION, DISTRIBUTION, ETC. (IMPRINT)
Name of publisher Rubber Chemistry and Technology
Year of publication 2002
300 ## - PHYSICAL DESCRIPTION
Number of Pages 955-968
650 ## - SUBJECT ADDED ENTRY--TOPICAL TERM
Topical Term Recycle
650 ## - SUBJECT ADDED ENTRY--TOPICAL TERM
Topical Term Scrap tyres
700 ## - ADDED ENTRY--PERSONAL NAME
Personal name Farris R J
700 ## - ADDED ENTRY--PERSONAL NAME
Personal name Williams D E
942 ## - ADDED ENTRY ELEMENTS (KOHA)
Koha item type Journals
Holdings
Withdrawn status Lost status Damaged status Not for loan Home library Current library Shelving location Date acquired Serial Enumeration / chronology Koha item type
      Journals RRII Library RRII Library Rubber chemistry 20/03/2003 Volume 75, Issue 5 Journals